| 000 | 00630 a2200193 4500 | ||
|---|---|---|---|
| 010 | _aENG-89004 | ||
| 020 |
_a8177481061 _c160.00 |
||
| 035 | _aEN-72537 | ||
| 037 | _bDBAD / PUB | ||
| 082 | 1 | 4 | _a260.64 |
| 090 |
_c9822 _d9822 |
||
| 100 | 1 | _aKolengadan, Rosetta | |
| 245 | 1 |
_aA journey from darkness into light / _cby Rosetta Kolengadan |
|
| 260 |
_aCalicut _bUniversity of Calicut _c2007 |
||
| 270 |
_aUniversity of Calicut, Calicut _bCalicut _cKerala |
||
| 300 |
_c223p. _b22cm (pbk) |
||
| 942 |
_cEN _adpl _k260.64 / KOL |
||
| 999 |
_c9643 _d9643 |
||